000 01492nam a2200301 i 4500
001 167583
003 ES-MaACL
005 20250813044446.0
008 931025s1794 sp |||| |dspa d
100 1 _aVillanueva, Joaquín Lorenzo,
_d1757-1837
_9115023
245 1 0 _aCartas eclesiásticas de D. Joaquín Lorenzo Villanueva al doctor D. Guillermo Díaz Luzeredi :
_ben defensa de las leyes que autorizan ahora al pueblo para que lea en su lengua la Sagrada Escritura /
_cva al principio una carta del Rmo. P. Felipe Scio de S. Miguel, maestro del Príncipe... à este mismo propòsito.
260 _aMadrid :
_ben la Imprenta Real, regente D. Lázaro Gayguer,
_c1794.
300 _a[2], XLVIII, 243 p., [1] en bl. ;
_c8º.
530 _aDisponible en formato digital.
594 _aGuillermo Díaz Luzeredi: seud. de Miguel Elizalde Urdiroz.
597 _aSign.: [ ]1, a-c8, a-p8, q2.
597 _aPort. con esc. xil.
630 0 7 _aBiblia-
_xTraducciones al español.
_9155488
700 1 _aDíaz Luzeredi, Guillermo.
_9173619
700 1 _aScio de San Miguel, Felipe,
_d1738-1796
_9104930
700 1 _aGayguer, Lázaro
_9127269
710 2 _aImprenta Real (Madrid)
_9134468
852 4 _aES-MaACL
_jR-340
_dOlim: D-1176
_xEncuadernación pasta española
_9174052
_zCambio de signatura a R-340
856 4 _uhttp://bdh-rd.bne.es/viewer.vm?id=0000110963&page=1
_zBiblioteca Digital Hispánica
942 _2udc
999 _c167583
_d167583